Cem perguntas e respostas sobre improbabilidade administrativa : (Record no. 1421)
[ view plain ]
| 000 -LÍDER | |
|---|---|
| Campo Fixo de Controle | 00885nam a2200241 a 4500 |
| 001 - NÚMERO DE CONTROLE | |
| Campo de Controle | 1421 |
| 003 - IDENTIFICAÇÃO DO NÚMERO DE CONTROLE | |
| Campo de Controle | BR-CuiBMT |
| 005 - DATA E HORA DA ÚLTIMA ATUALIZAÇÃO | |
| Campo de Controle | 20231207225923.0 |
| 008 - DADOS FIXOS | |
| Dados Fixos | 231207s2013 dfba 000 0 por d |
| 020 ## - INTERNATIONAL STANDARD BOOK NUMBER | |
| Nº do ISBN | 9788588652552 |
| 040 ## - AGÊNCIA CATALOGADORA | |
| Código da Agência Catalogadora | BR-CuiBMT |
| Agência que transcreveu o registro | BR-CuiBMT |
| 080 ## - Nº DA CLASSIFICAÇÃO DECIMAL UNIVERSAL | |
| Nº edição CDU | 2007 |
| Nº Class. CDU | 35.086:343.35 |
| 090 ## - NÚMERO DE CHAMADA | |
| Nº classificação | 35.086:343.35 |
| Cutter | C394 |
| Ano/Edição | 2. ed. |
| 245 1# - TÍTULO PRINCIPAL | |
| Título principal | Cem perguntas e respostas sobre improbabilidade administrativa : |
| Subtítulo | incidência e aplicação da Lei n. 8.429/1992 / |
| Indicação de responsabilidade | Coordenadora Márcia Noll Barboza. |
| 250 ## - EDIÇÃO | |
| Edição | 2. ed. rev. e atual. |
| 260 ## - PUBLICAÇÃO, DISTRIBUIÇÃO, ETC. | |
| Local de publicação | Brasília: |
| Editora | Escola Superior do Ministério Público da União, |
| Data | 2013. |
| 300 ## - DESCRIÇÃO FÍSICA | |
| N. páginas ou volumes | 143 p.: |
| Ilustrações | il. |
| Dimensões | 23 cm |
| 504 ## - NOTA DE BIBLIOGRAFIA, ETC. | |
| Nota de bibliografia | Inclui bibliografia. |
| 650 ## - ASSUNTO TÓPICO | |
| Cabeçalho tópico ou nome geográfico | Improbidade administrativa |
| Subdivisão geral | legislação |
| Subdivisão geográfica | Brasil |
| 700 ## - ENTRADA SECUNDÁRIA -- NOME PESSOAL | |
| Cód. do termo explicativo | coord. |
| Nome pessoal | Barboza, Marcia Noll |
| 710 ## - ENTRADA SECUNDÁRIA -- ENTIDADE | |
| Nome da entidade ou lugar | Escola Superior do Ministério Público da União |
| 942 ## - ELEMENTOS DE ENTRADA ADICIONAIS (KOHA) | |
| Fonte de classificação ou esquema de arquivamento | Classificação Decimal Universal |
| Tipo de item do Koha | Livros |
| Estado: removido | Estado: perdido | Fonte de classificação ou esquema de arquivamento | Estado: danificado | Indisponível para empréstimo | Localização permanente | Localização atual | Data de aquisição | Total Checkouts | Número de Chamada completo | Código de barras | Date last seen | Número do exemplar | Preço efetivo a partir de | Tipo de item (Koha) |
|---|---|---|---|---|---|---|---|---|---|---|---|---|---|---|
| Classificação Decimal Universal | Biblioteca da Escola Superior de Contas do TCE/MT | Biblioteca da Escola Superior de Contas do TCE/MT | 07/12/2023 | 35.086:343.35 C394 | BIBTCEMT23120306 | 07/12/2023 | Ex. 1 | 07/12/2023 | Livros |